Southern Grab Bag Quiz Stats

Quiz Updated Dec 23, 2015

Challenge
Share
Tweet
Embed
Score 0/27 Timer 08:00
4 Plays Today
Answer % Correct
Brazil
94%
Argentina
92.4%
Chile
90.6%
Peru
87.7%
Kenny McCormick
86.1%
Paraguay
85.8%
Uruguay
85.6%
Colombia
84.9%
United States
83.8%
Venezuela
82.2%
Bolivia
80%
Eric Cartman
79.2%
Ecuador
78.7%
Guyana
70.6%
Answer % Correct
Stan Marsh
70%
Suriname
69.1%
New Orleans Saints
68.6%
Kyle Broflovski
68%
Atlanta Falcons
68%
United Kingdom
67.9%
Carolina Panthers
67.2%
Houston Texans
66.6%
Tennessee Titans
66.1%
Jacksonville Jaguars
65%
Norway
64%
Tampa Bay Buccaneers
61.4%
Indianapolis Colts
56.1%

You're not logged in!

Compare scores with friends on all Sporcle quizzes.
Sign Up with Email
OR
Log In

You Might Also Like...

Show Comments

Extras

Top Quizzes Today


Score Distribution

Your Account Isn't Verified!

In order to create a playlist on Sporcle, you need to verify the email address you used during registration. Go to your Sporcle Settings to finish the process.